| 000 | 00508nam a2200193Ia 4500 | ||
|---|---|---|---|
| 003 | GCL | ||
| 008 | 140319s9999 xx 000 0 eng d | ||
| 040 |
_aGCL / _cGCL |
||
| 082 | 0 | 4 |
_a910 _bS W |
| 100 | 1 | _aSMITH, PAMALA | |
| 245 | 1 | 0 |
_aWORLDS OF DESIRE REALMS OF POWER: A CULTURAL GEOGRAPHY / _cSMITH, PAMALA |
| 700 | 1 | _aHANNAM, KEVIN | |
| 260 |
_a[S.N] : _bADWARD ARNOLD ، _c1994 |
||
| 300 | _a250 P | ||
| 650 | 0 | 4 | _aGEOGRAPHY |
| 650 | 0 | 4 | _aCULTURE |
| 650 | 0 | 4 | _aCULTUREAL GEOGRAPHY |
| 942 |
_2ddc _cBK |
||
| 999 |
_c24845 _d24845 |
||